Score 0/15 Timer 01:30
1 Play Today
% Correct
Han Solo
94.9%
Chewbacca
93.6%
C-3PO
92.7%
Kylo Ren
92.1%
General Leia Organa
91.8%
BB-8
91.2%
R2-D2
91.1%
Finn
90.5%
% Correct
Luke Skywalker
90%
Rey
89%
Poe Dameron
84.4%
Captain Phasma
79.6%
Maz Kanata
73.1%
Lor San Tekka
50.1%
Nien Nunb
34.9%

Today's Daily Dose

Missing Word
Lizzo Songs

Get the Picture
The Longest Rivers

Remove Ads.
Support Sporcle.
Get the best of Sporcle when you Go Orange. This ad-free experience offers more features, more stats, and more fun while also helping to support Sporcle. Thank you for becoming a member.

You're not logged in!

Compare scores with friends on all Sporcle quizzes.
OR
Log In

Show Comments

Extras

Top Quizzes Today


Score Distribution

Your Account Isn't Verified!

In order to create a playlist on Sporcle, you need to verify the email address you used during registration. Go to your Sporcle Settings to finish the process.

Report this User

Report this user for behavior that violates our Community Guidelines.

Details: